Tepelné zpracování oceli Metalografická příručka

Bibliographic Details
Main Author: Jech, Jaroslav (Author)
Format: Book
Language:Undetermined
PhysicalDescription:391 s.
Published: Praha Státní nakladatelství technické literatury 1983

MARC

LEADER 00000nam a2200000 a 4500
001 vtls001270712
003 SK-MaSNL
005 20260302041123.0
008 240318s1983 xx 0 und
035 |a SNK000221789 
040 |a SNK  |b slo  |c SNK  |e AACR2 
100 1 |a Jech, Jaroslav  |4 aut  |9 289091 
245 1 0 |a Tepelné zpracování oceli  |b Metalografická příručka 
260 |a Praha  |b Státní nakladatelství technické literatury  |c 1983 
300 |a 391 s. 
958 |a OND 
999 |c 1077521  |d 1079451 
952 |t P60, <04>, [BOOK], {604}  |a SNK  |b SNK  |y VYP  |7 0  |p 17A0029133  |o snkIC 90775 D1  |0 0  |1 1  |4 0  |d 1997-01-02  |l 0  |r 2005-01-01 00:00:00  |w 2026-02-24 
952 |t P60, <04>, [BOOK], {604}  |a SNK  |b SNK  |y VYP  |7 0  |p 17A0051407  |o snkIC 90775  |0 0  |1 0  |4 0  |d 1997-03-05  |l 0  |r 2005-01-01 00:00:00  |w 2026-02-24